|
|
|
|
| LEADER |
00000nab a2200000 ar4500 |
| 001 |
vtls010083940 |
| 003 |
SK-MaSNL |
| 005 |
20260303081404.0 |
| 008 |
100412c20100406xo dr|n|||||||000 b|slo |
| 015 |
|
|
|a SNBRBL2010/04
|2 snkbucl
|
| 038 |
|
|
|a SNKBUCL
|
| 040 |
|
|
|a SNKBUCL
|b slo
|c SNKBUCL
|e AACR2
|
| 041 |
0 |
|
|a slo
|
| 044 |
|
|
|a xo
|c SK
|
| 080 |
|
|
|a 796.332.093.1
|2 2001
|
| 245 |
0 |
0 |
|a Vranov a Trebišov opäť neinkasovali
|b II. liga východ - 19. kolo
|
| 300 |
|
|
|b Tab.
|
| 648 |
|
7 |
|a sezóna 2009/2010
|2 snkbucl
|9 1034617
|
| 650 |
0 |
7 |
|a futbal
|2 snkbucl
|9 3291
|
| 650 |
0 |
7 |
|a 2. liga
|x východ
|2 snkbucl
|9 1032360
|
| 651 |
|
7 |
|a 19. kolo
|2 snkbucl
|9 1035978
|
| 773 |
0 |
|
|t Šport
|g Roč. 64, č. 78 (6.4.2010), s. 20
|x 0139-7001
|
| 852 |
|
|
|a SNK
|b KIS3GCP
|
| 999 |
|
|
|c 1784439
|d 1786369
|